L’année 2020 - Statistiques

Statistiques générales
  • Ce quiz a été pris 247 fois
    181 depuis la dernière actualisation
  • Le résultat moyen est 10 sur 28
Statistiques - réponses
Hint Réponse % Correct
À quelle heure applaudissaient les gens pour les soignants pendant le confinement ? 20h
85%
Quelle footballeur de légende est mort cette année ? Diego Maradona
66%
Quel joueur de basket est mort dans un accident d’hélicoptère ? Kobe Bryant
65%
Comment s’appelait le professeur violemment assassiné ? Samuel Paty
65%
Quel ancien président français est mort le 2 décembre 2020 ? Valéry Giscard d’Estaing
61%
Qui a été nommé premier ministre le 3 juillet 2020 ? Jean Castex
54%
Sous quel slogan des milliers d'Américains et de citoyens à travers le monde ont défilé dans les rues ? Black Lives Matter
52%
Dans quelle pays une dramatique explosion a-t-elle eu lieu en août 2020 ? Liban
52%
De quel personnage fictif Albert Uderzo était-il le co-créateur ? Astérix
46%
Quel présentateur vedette de TF1 a quitté son poste ? Jean-Pierre Pernaut
45%
Quel film coréen a remporté 4 Oscar après avoir remporté la palme d’or en 2019 ? Parasite
43%
Adèle Haenel quitte les César car un réalisateur est récompensé alors qu’il est accusé d’agression sexuelle, mais qui ? Roman Polanski
42%
Le 4 octobre 2020, référendum sur l’indépendance de quel territoire français ? Nouvelle-Calédonie
40%
Quelle est le nom de la vice-présidente des États-Unis ? Kamala Harris
39%
À quelle date est entré en vigueur le premier confinement en France ? 17 mars 2020
34%
Quel pilote français a remporté le grand prix de formule 1 de Monza ? Pierre Gasly
34%
Quel pays de l’Union européenne a durci sa législation pour rendre l’avortement quasiment illégal ? Pologne
34%
Quelle molécule, qui cherchait à lutter contre la pandémie a-t-elle fait débat ? Chloroquine
33%
Comment s’appelait la fille qui a critiqué de manière virulente l’Islam sur Instagram ? Mila
29%
Quel est le nom de Miss France 2021 ? Amandine Petit
25%
Qui a gagné le Tour de France 2020 ? Tadej Pogacar
22%
Quelle célèbre avocate et militante féministe française est morte en 2020 ? Gisèle Halimi
20%
Qui a retiré sa candidature à la mairie de Paris après diffusion d’une vidéo à caractère sexuel ? Benjamin Griveaux
14%
Quel est le nom de la tempête qui a touché les Alpes-Maritimes ? Alex
10%
Quelle animal a été entièrement abattu au Danemark ? Vison
5%
Qui a gagné le prix Goncourt 2020 ? Hervé le Tellier
3%
Comment s’appelle la loi qui fait débat qui interdit de filmer des policiers ? Loi sécurité globale
3%
Quel écrivain, auteur de « Ceux de 14 », à fait son entrée au Panthéon ? Maurice Genevoix
3%
Aucun quiz correspondant
Distribution des résultats
% des personnes avec chaque résultat
Percentile par nombre de réponses
Votre historique - résultats
Vous n’avez pas pris ce quiz depuis la dernière actualisation